Open Data Biblioteca Nacional de Portugal


República Portuguesa: Ministério da Cultura
Biblioteca Nacional de Portugal

Catálogo da BNP: acesso por Identificadores Unívocos
Registos Bibliográficos associados ao registo de autoridade

Etiqueta de registo: 00254nam 2200025 450
001 2283159
003 http://id.bnportugal.gov.pt/bib/catbnp/2283159
010 ## $a978-989-694-844-3
021 ## $aPT$b559820/26
100 ## $a20260327d2026 m y0pory01030103ba
101 1# $apor$ceng
102 ## $aPT
105 ## $ay z 000yy
106 ## $ar
200 1# $aNunca lidere sozinho$eda liderança à colaboração em dez passos$fKeith Ferrazzi, Paul Hill$gtrad. Judite Jóia
210 #9 $aCoimbra$cActual,$dimp. 2026
215 ## $a215 p.$d24 cm
304 ## $aTít. orig.: Never lead alone : 10 shifts from leadership to teamship
675 ## $a005.58(035)$vBN$zpor$31213332
675 ## $a005.56(035)$vBN$zpor$31997181
700 #1 $aFerrazzi,$bKeith$31302985
701 #1 $aHill,$bPaul$4070$31994048
702 #1 $aJóia,$bJudite$4730$31801940
801 #0 $aPT$bBN$gRPC
856 41 $uhttp://rnod.bnportugal.gov.pt/ImagesBN/winlibimg.aspx?skey=&doc=2283159&img=221874&save=true
900 ## $aBIBNAC$d20260507
966 ## $lBN$mFGMON$sP. 72653 V.$x1
966 ## $lBN$mFGMON$sP. 72653 V.-D$x1
971 ## $cssilva$d20260327
972 ## $e0$z0$d20260507$vasantos
973 ## $cigoulao$d20260428
975 ## $e0$d20260508$viquintas

OpendataBNP@bnportugal.pt | Mais informação sobre acesso aos dados BNP